[Event "WTCC-65 2018"]
[Site "Radebeul"]
[Date "2018.07.08"]
[Round "2"]
[White "Boidman, Yuri"]
[Black "Sobeck, Guenter"]
[Result "1/2-1/2"]
[WhiteElo "2358"]
[BlackElo "2033"]
[Annotator "NA"]
[PlyCount "65"]
[EventDate "2018.07.07"]
[EventType "team-tourn"]
[EventCountry "GER"]
[SourceTitle "playchess.com"]
[Source "ChessBase"]
[SourceQuality "1"]
[TimeControl "40/5400+30:1800+30"]

1. Nf3 {[%emt 0:00:00]} Nf6 {[%emt 0:00:00]} 2. d4 {[%emt 0:00:00]} e6 {[%emt 0:00:03]} 3. Bg5 {[%emt 0:00:00]} h6 {[%emt 0:00:45]} 4. Bh4 {[%emt 0:00:40]} b6 {[%emt 0:00:22]} 5. e3 {[%emt 0:01:14]} Bb7 {[%emt 0:00:10]} 6. Bd3 {[%emt 0:00:20]} c5 {[%emt 0:00:24] LiveBook: 79 Games} (6... g5 $5 7. Bg3 $8 g4 $11) 7. O-O {[%emt 0:00:34]} Be7 {[%emt 0:00:16]} 8. Nbd2 {[%emt 0:00:34]} d6 {[%emt 0:00:20]} 9. c3 {[%emt 0:01:57]} Nbd7 {[%emt 0:00:23]} 10. e4 {[%emt 0:00:46]} O-O {[%emt 0:03:26]} 11. Qe2 {[%emt 0:00:25]} Nh5 {[%emt 0:00:39] A47: 1 d4 Nf6 2 Nf3 b6: Torre, London and Colle Systems} 12. Bxe7 {[%emt 0:02:14]} Qxe7 {[%emt 0:00:14]} 13. g3 {[%emt 0:02:05]} Rfc8 {[%emt 0:05:07]} (13... e5 14. d5 a6 15. a4 g6 16. Qe3 Kg7 17. Nh4 Nf4 18. Bc2 b5 19. Kh1 {1-0 (46) Artemiev,V (2692)-Korotylev,A (2573) Sochi 2017}) 14. a4 {[%emt 0:02:45]} a6 {[%emt 0:00:46]} 15. Rfe1 $146 {[%emt 0:02:25]} ({Predecessor:} 15. Rac1) 15... cxd4 {[%emt 0:04:04]} 16. cxd4 {[%emt 0:02:26]} Nhf6 {[%emt 0:01:54]} 17. Rac1 {[%emt 0:03:45]} a5 {[%emt 0:06:04]} 18. b3 {[%emt 0:12:11]} e5 {[%emt 0:04:55]} 19. Bc4 {[%emt 0:10:24]} g6 {[%emt 0:01:19]} 20. h3 {[%emt 0:16:20]} Kg7 {[%emt 0:00:12]} 21. Qe3 {[%emt 0:01:13]} Nh7 {[%emt 0:17:34]} 22. Bd5 {[%emt 0:03:30]} Rxc1 {[%emt 0:01:34]} 23. Rxc1 {[%emt 0:00:12]} Rc8 {[%emt 0:00:06]} 24. Rxc8 {[%emt 0:01:21]} Bxc8 {[%emt 0:00:01]} 25. Qc3 $11 {[%emt 0:00:25]} Ba6 {[%emt 0:06:08]} 26. Qc7 {[%emt 0:09:02]} Nhf6 {[%emt 0:01:50]} 27. Bc4 {[%emt 0:13:32]} Bxc4 {[%emt 0:00:35]} 28. Nxc4 {[%emt 0:00:01]} exd4 {[%emt 0:01:49]} 29. Nxd6 {[%emt 0:06:42]} Nxe4 {[%emt 0:11:58]} 30. Nc8 {[%emt 0:03:08]} Qe6 {[%emt 0:12:14]} 31. Qc4 {[%emt 0:04:30]} Qf6 {[%emt 0:06:44]} 32. Qxd4 {[%emt 0:00:11]} Nec5 {[%emt 0:01:09]} 33. Qd5 1/2-1/2

[Event "WTCC-65 2018"]
[Site "Radebeul"]
[Date "2018.07.08"]
[Round "2"]
[White "Sharif, Mehrshad"]
[Black "Singer, Hans"]
[Result "1/2-1/2"]
[WhiteElo "2353"]
[BlackElo "2175"]
[Annotator "NA"]
[PlyCount "66"]
[EventDate "2018.07.07"]
[EventType "team-tourn"]
[EventCountry "GER"]
[SourceTitle "playchess.com"]
[Source "ChessBase"]
[SourceQuality "1"]
[TimeControl "40/5400+30:1800+30"]

1. Nf3 {[%emt 0:00:00]} c5 {[%emt 0:00:04]} 2. b3 {[%emt 0:00:09]} Nf6 {[%emt 0:01:30]} 3. Bb2 {[%emt 0:00:35]} e6 {[%emt 0:00:43]} 4. g3 {[%emt 0:02:23]} Nc6 {[%emt 0:00:37]} 5. Bg2 {[%emt 0:00:33]} d5 {[%emt 0:00:27]} 6. O-O {[%emt 0:01:02]} Be7 {[%emt 0:00:15]} 7. d4 {[%emt 0:01:08]} cxd4 {[%emt 0:02:23]} 8. Nxd4 {[%emt 0:00:23]} Qb6 {[%emt 0:00:48]} 9. c4 {[%emt 0:05:44]} O-O {[%emt 0:06:00]} 10. cxd5 {[%emt 0:01:00]} exd5 {[%emt 0:00:48]} 11. Nxc6 {[%emt 0:00:42]} bxc6 {[%emt 0:00:25]} 12. Nc3 {[%emt 0:05:31]} Bf5 {[%emt 0:07:35] D34: Tarrasch Defence: 6 g3 Nf6 7 Bg2 Be7} (12... Be6 13. Na4 Qb5 14. Rc1 Rac8 15. Bd4 c5 16. Nc3 Qa5 17. Bxf6 Bxf6 18. Nxd5 Qxa2 19. Nxf6+ gxf6 20. Bd5 Bxd5 21. Qxd5 Qxe2 {0-1 (33) Aronian,L (2792)-Kramnik,V (2801) Zuerich 2016}) 13. Rc1 {[%emt 0:02:33]} Rfe8 {[%emt 0:09:38]} 14. e3 {[%emt 0:07:16]} Rac8 $146 {[%emt 0:07:32]} ({Predecessor:} 14... Qa6 15. Na4 Rab8 16. Bd4 Ba3 17. Rc3 Bb4 18. Rc1 Nd7 19. Bb2 Nc5 20. Nxc5 Qxa2 21. Bd4 a5 22. Na6 Rbd8 23. Nxb4 axb4 24. Rxc6 Qa3 25. Rc5 {1-0 (25) Dudley,B (1683)-Kobryn,T (1986) ICCF email 2010}) 15. Qe2 {[%emt 0:05:47]} Qa5 {[%emt 0:02:16]} 16. Rfd1 {[%emt 0:15:03]} Ba3 {[%emt 0:04:05]} 17. Na4 {[%emt 0:04:07]} Bg4 {[%emt 0:02:14]} 18. f3 {[%emt 0:01:18]} Bxb2 {[%emt 0:00:08]} 19. Qxb2 {[%emt 0:00:09]} Be6 {[%emt 0:03:20]} 20. Qd2 {[%emt 0:04:24]} Qc7 {[%emt 0:04:07]} 21. Qd4 {[%emt 0:04:45]} Nd7 {[%emt 0:05:56]} 22. Nc5 {[%emt 0:00:50]} Qb6 {[%emt 0:09:57]} 23. Nxd7 {[%emt 0:05:47]} Bxd7 {[%emt 0:00:30]} 24. Rc5 {[%emt 0:00:48]} Qa6 {[%emt 0:03:40]} 25. Rd2 {[%emt 0:01:51]} h6 {[%emt 0:00:19]} 26. Kf2 {[%emt 0:06:24]} Bf5 {[%emt 0:03:16]} 27. b4 {[%emt 0:01:51]} Qb6 {[%emt 0:06:02]} 28. Rd1 {[%emt 0:04:35]} Rb8 {[%emt 0:00:53]} 29. a3 {[%emt 0:01:20]} Bd7 {[%emt 0:04:33]} 30. Rdc1 {[%emt 0:02:31]} Rb7 {[%emt 0:00:30]} 31. Bf1 {[%emt 0:00:24]} Reb8 {[%emt 0:03:36]} 32. R1c3 {[%emt 0:06:24]} Re8 {[%emt 0:05:14]} (32... Be8 {[%emt 0:02:34]}) 33. h4 {[%emt 0:04:16]} g6 $16 {[%emt 0:05:24]} ({Black should play} 33... Qd8) 1/2-1/2

[Event "WTCC-65 2018"]
[Site "Radebeul"]
[Date "2018.07.08"]
[Round "2"]
[White "Karasev, Vladimir I"]
[Black "Dickhoff, Ronald"]
[Result "1-0"]
[WhiteElo "2337"]
[BlackElo "2100"]
[Annotator "NA"]
[PlyCount "101"]
[EventDate "2018.07.07"]
[EventType "team-tourn"]
[EventCountry "GER"]
[SourceTitle "playchess.com"]
[Source "ChessBase"]
[SourceQuality "1"]
[TimeControl "40/5400+30:1800+30"]

1. d4 {[%emt 0:00:00]} Nf6 {[%emt 0:00:00]} 2. Bg5 {[%emt 0:00:00]} e6 {[%emt 0:00:13]} 3. e4 {[%emt 0:00:20]} h6 {[%emt 0:00:19]} 4. Bxf6 {[%emt 0:00:05]} Qxf6 {[%emt 0:00:06]} 5. Nf3 {[%emt 0:00:17]} d6 {[%emt 0:01:53]} 6. Nc3 {[%emt 0:00:20]} g6 {[%emt 0:01:49]} 7. e5 {[%emt 0:00:47] A46: 1 d4 Nf6 2 Nf3 e6: Torre, London and Colle Systems} (7. Qd2 Bg7 8. h4 a6 9. O-O-O Nd7 10. e5 Qe7 11. Qf4 d5 12. Qe3 c5 13. Re1 b5 14. h5 g5 15. Nh2 Bb7 {0-1 (37) Djordjevic,V (2432)-Eljanov,P (2757) Novi Sad 2016}) 7... Qe7 {[%emt 0:01:57]} 8. Qd2 {[%emt 0:08:23] LiveBook: 3 Games} Bg7 {[%emt 0:07:27]} 9. O-O-O {[%emt 0:05:49]} Bd7 {[%emt 0:06:50]} 10. h4 {[%emt 0:01:45]} Nc6 {[%emt 0:16:02]} 11. exd6 {[%emt 0:05:21]} cxd6 {[%emt 0:00:44]} 12. d5 {[%emt 0:00:44]} Ne5 {[%emt 0:15:36]} 13. dxe6 $146 {[%emt 0:02:25]} ({Predecessor:} 13. Nd4 O-O 14. f4 Ng4 15. dxe6 fxe6 {1-0 (35) Hebert,J (2395)-Sasseville,J Quebec 1984}) 13... Bxe6 {[%emt 0:04:08]} 14. Bb5+ {[%emt 0:01:15]} ({Much weaker is} 14. Qxd6 Qxd6 15. Rxd6 Nxf3 $15) 14... Kf8 {[%emt 0:02:42]} 15. Nd4 {[%emt 0:07:34]} a6 {[%emt 0:05:07]} 16. Be2 {[%emt 0:00:41]} Rc8 {[%emt 0:10:03]} 17. Nxe6+ {[%emt 0:06:06]} Qxe6 $16 {[%emt 0:01:30]} 18. Qxd6+ {[%emt 0:01:00]} Qxd6 {[%emt 0:00:24]} 19. Rxd6 {[%emt 0:00:04]} Nc4 {[%emt 0:06:58]} 20. Bxc4 {[%emt 0:01:03]} Bxc3 {[%emt 0:01:42]} 21. Bd5 {[%emt 0:07:47]} Be5 {[%emt 0:04:06]} 22. Rb6 {[%emt 0:01:01]} Rc7 {[%emt 0:01:09]} 23. Rxb7 {[%emt 0:00:32]} Rxb7 {[%emt 0:01:49]} 24. Bxb7 {[%emt 0:00:05]} a5 {[%emt 0:00:34]} 25. Rd1 {[%emt 0:01:13]} Kg7 {[%emt 0:00:12]} 26. Rd5 {[%emt 0:00:37]} Bf4+ {[%emt 0:01:08]} 27. Kd1 {[%emt 0:00:09]} Rb8 {[%emt 0:00:11]} 28. Rb5 {[%emt 0:01:36]} Kf6 {[%emt 0:01:36]} 29. a4 {[%emt 0:02:36]} Rd8+ {[%emt 0:01:57]} 30. Bd5 {[%emt 0:00:49]} Bc7 {[%emt 0:02:32]} 31. Ke2 {[%emt 0:00:50]} Re8+ {[%emt 0:00:19]} 32. Kf3 {[%emt 0:00:22]} Ke7 {[%emt 0:01:43]} 33. Rc5 {[%emt 0:09:21]} Bb6 {[%emt 0:01:21]} 34. Rc6 {[%emt 0:00:39]} Rb8 {[%emt 0:00:15]} 35. b3 {[%emt 0:00:42]} h5 {[%emt 0:00:31]} 36. c3 {[%emt 0:02:01]} Bd8 {[%emt 0:01:06]} 37. g3 {[%emt 0:05:25]} Ke8 {[%emt 0:01:04]} 38. Ke4 {[%emt 0:01:21]} Ke7 {[%emt 0:00:27]} 39. f4 {[%emt 0:01:17]} Bb6 {[%emt 0:00:44]} 40. b4 {[%emt 0:05:04]} Bd8 {[%emt 0:00:18]} 41. b5 {[%emt 0:31:09]} Rb6 {[%emt 0:01:28]} 42. Rc8 {[%emt 0:00:00]} Rd6 {[%emt 0:01:06]} 43. c4 {[%emt 0:00:00]} Kd7 {[%emt 0:00:59]} 44. Ra8 {[%emt 0:00:00]} f5+ {[%emt 0:00:39]} 45. Kd4 {[%emt 0:00:00]} Bf6+ {[%emt 0:00:06]} 46. Kc5 {[%emt 0:00:00]} Be7 {[%emt 0:02:43]} 47. Ra7+ {[%emt 0:00:00]} Kd8 {[%emt 0:00:44]} 48. b6 {[%emt 0:00:00]} Rd7+ {[%emt 0:04:48]} 49. Kb5 {[%emt 0:00:00]} Bb4 {[%emt 0:00:22]} 50. Rxd7+ {[%emt 0:00:00]} Kxd7 {[%emt 0:00:01]} 51. c5 {[%emt 0:00:00]} 1-0

[Event "WTCC-65 2018"]
[Site "Radebeul"]
[Date "2018.07.08"]
[Round "2"]
[White "Buchal, Stephan"]
[Black "Van Herck, Marcel"]
[Result "1-0"]
[WhiteElo "2329"]
[BlackElo "2008"]
[Annotator "NA"]
[PlyCount "41"]
[EventDate "2018.07.07"]
[EventType "team-tourn"]
[EventCountry "GER"]
[SourceTitle "playchess.com"]
[Source "ChessBase"]
[SourceQuality "1"]
[TimeControl "40/5400+30:1800+30"]

1. e4 {[%emt 0:00:02]} c6 {[%emt 0:00:00]} 2. d4 {[%emt 0:00:19]} d5 {[%emt 0:00:00]} 3. e5 {[%emt 0:00:12]} Bf5 {[%emt 0:03:11]} 4. Nf3 {[%emt 0:00:25]} e6 {[%emt 0:00:36]} 5. Be2 {[%emt 0:00:12]} Nd7 {[%emt 0:05:11]} 6. O-O {[%emt 0:00:39]} Ne7 {[%emt 0:03:42]} 7. Nbd2 {[%emt 0:01:08]} Nc8 {[%emt 0:02:27] LiveBook: 116 Games} 8. a4 {[%emt 0:02:06]} a5 {[%emt 0:09:05]} 9. Ne1 {[%emt 0:07:59]} g5 {[%emt 0:11:56]} 10. Bd3 {[%emt 0:03:45]} Bg6 {[%emt 0:04:35]} 11. Bxg6 {[%emt 0:14:36]} hxg6 {[%emt 0:02:55]} 12. Nd3 {[%emt 0:02:37]} g4 $16 {[%emt 0:04:05]} 13. Qxg4 {[%emt 0:10:58]} Rh4 {[%emt 0:00:12]} 14. Qg3 {[%emt 0:04:35]} Rxd4 {[%emt 0:00:12]} 15. Nf3 {[%emt 0:03:14]} Rc4 {[%emt 0:00:45]} 16. b3 {[%emt 0:06:41]} Rxc2 {[%emt 0:00:22]} 17. Nd4 {[%emt 0:00:51]} Rxc1 {[%emt 0:11:20]} 18. Raxc1 {[%emt 0:00:26]} Qb6 {[%emt 0:00:28]} 19. Nxe6 {[%emt 0:11:11]} fxe6 {[%emt 0:00:38]} 20. Qxg6+ {[%emt 0:00:02]} Kd8 {[%emt 0:00:20]} 21. Nf4 {[%emt 0:02:06]} 1-0

[Event "WTCC-65 2018"]
[Site "Radebeul"]
[Date "2018.07.08"]
[Round "2"]
[White "Faibisovich, Vadim Z"]
[Black "Van Egmond, Rogier M"]
[Result "1-0"]
[WhiteElo "2312"]
[BlackElo "2147"]
[Annotator "NA"]
[PlyCount "91"]
[EventDate "2018.07.07"]
[EventType "team-tourn"]
[EventCountry "GER"]
[SourceTitle "playchess.com"]
[Source "ChessBase"]
[SourceQuality "1"]
[TimeControl "40/5400+30:1800+30"]

1. e4 {[%emt 0:00:00]} c5 {[%emt 0:00:00]} 2. Nf3 {[%emt 0:00:46]} e6 {[%emt 0:00:00]} 3. Nc3 Nc6 4. d4 {[%emt 0:01:43]} cxd4 {[%emt 0:00:00]} 5. Nxd4 {[%emt 0:00:07]} Qc7 {[%emt 0:00:04]} 6. Be3 {[%emt 0:05:10]} a6 7. Bd3 {[%emt 0:10:38]} Nf6 {[%emt 0:00:41]} 8. O-O {[%emt 0:05:33]} Nxd4 {[%emt 0:00:23]} 9. Bxd4 {[%emt 0:00:36]} Bc5 {[%emt 0:00:03]} 10. Bxc5 {[%emt 0:04:23]} Qxc5 {[%emt 0:00:13]} 11. Na4 {[%emt 0:07:53]} Qc7 {[%emt 0:11:53] B48: Sicilian: Taimanov: 5 Nc3 Qc7 6 Be3 a6 without Be2} 12. c4 {[%emt 0:04:01]} d6 {[%emt 0:00:28]} 13. Rc1 {[%emt 0:04:59]} Bd7 {[%emt 0:05:59]} 14. Nc3 {[%emt 0:02:19]} O-O {[%emt 0:03:08] LiveBook: 7 Games} 15. Qe2 {[%emt 0:02:33]} Rac8 {[%emt 0:04:00] [#]} 16. Rc2 $146 {[%emt 0:09:34]} ({Predecessor:} 16. Rfe1 Qc5 17. e5 Qxe5 18. Qxe5 dxe5 19. Rxe5 Rfd8 {½-½ (19) Bauer,C (2612)-Lautier,J (2658) Clichy 2001}) 16... Rfd8 {[%emt 0:03:43]} 17. Rd1 {[%emt 0:01:10]} Qa5 {[%emt 0:08:33]} 18. h3 {[%emt 0:08:31]} b5 {[%emt 0:11:07]} 19. cxb5 {[%emt 0:04:11]} axb5 {[%emt 0:00:13]} 20. e5 {[%emt 0:08:31]} dxe5 {[%emt 0:02:30]} 21. Qxe5 {[%emt 0:00:21]} Qb6 {[%emt 0:02:39]} 22. Bxb5 {[%emt 0:07:47]} Bxb5 {[%emt 0:09:34]} 23. Rxd8+ {[%emt 0:00:12]} Qxd8 {[%emt 0:04:32]} 24. Qxb5 {[%emt 0:00:27]} Qd4 {[%emt 0:12:18]} 25. Qe2 {[%emt 0:00:37]} Rd8 {[%emt 0:02:21]} 26. Rc1 {[%emt 0:02:55]} Nd5 {[%emt 0:02:31]} 27. Nxd5 {[%emt 0:00:49]} exd5 {[%emt 0:00:01]} 28. Rd1 {[%emt 0:00:58]} Qf6 {[%emt 0:03:31]} 29. Rxd5 {[%emt 0:00:31]} Rc8 {[%emt 0:00:31]} 30. Rd1 {[%emt 0:01:32]} g6 {[%emt 0:00:27]} 31. Qd2 {[%emt 0:02:49]} Qf5 {[%emt 0:01:17]} 32. Rc1 {[%emt 0:00:54]} Ra8 {[%emt 0:00:48]} 33. a3 {[%emt 0:00:29]} h5 {[%emt 0:00:04]} 34. Qd4 {[%emt 0:00:56]} Re8 {[%emt 0:01:40]} 35. Rc5 $18 {[%emt 0:01:43]} Qe6 {[%emt 0:04:10]} 36. Rd5 {[%emt 0:00:14]} Kh7 {[%emt 0:00:32]} 37. a4 {[%emt 0:01:08]} Qe1+ {[%emt 0:02:30]} 38. Kh2 {[%emt 0:00:03]} Re2 {[%emt 0:00:01]} 39. Rd8 {[%emt 0:00:29]} Re5 {[%emt 0:01:18]} 40. f4 {[%emt 0:00:35]} Re8 {[%emt 0:00:19]} 41. Rxe8 {[%emt 0:30:35]} Qxe8 {[%emt 0:30:02]} 42. a5 {[%emt 0:00:36]} Qb5 {[%emt 0:01:21]} 43. b4 {[%emt 0:01:20]} h4 {[%emt 0:00:10]} 44. Qf6 {[%emt 0:00:00]} Qxb4 {[%emt 0:00:00]} 45. Qxf7+ {[%emt 0:00:00]} Kh6 {[%emt 0:00:00]} 46. Qf6 1-0

[Event "WTCC-65 2018"]
[Site "Radebeul"]
[Date "2018.07.08"]
[Round "2"]
[White "Baum, Bernd"]
[Black "Haubt, Georg"]
[Result "1/2-1/2"]
[WhiteElo "2280"]
[BlackElo "2149"]
[Annotator "NA"]
[PlyCount "41"]
[EventDate "2018.07.07"]
[EventType "team-tourn"]
[EventCountry "GER"]
[SourceTitle "playchess.com"]
[Source "ChessBase"]
[SourceQuality "1"]
[TimeControl "40/5400+30:1800+30"]

1. c4 {[%emt 0:00:00]} c5 {[%emt 0:00:03]} 2. g3 {[%emt 0:00:00]} Nf6 {[%emt 0:00:44]} 3. Bg2 {[%emt 0:00:09]} d5 {[%emt 0:00:23]} 4. cxd5 {[%emt 0:00:04]} Nxd5 {[%emt 0:00:09]} 5. Nc3 {[%emt 0:00:02]} Nc7 {[%emt 0:00:14]} 6. d3 {[%emt 0:04:29]} e5 {[%emt 0:01:23]} 7. Nf3 {[%emt 0:04:29]} Nc6 {[%emt 0:00:09]} 8. O-O {[%emt 0:00:10]} Be7 {[%emt 0:00:22]} 9. Nd2 {[%emt 0:01:08]} Nd4 {[%emt 0:12:23]} 10. Nc4 {[%emt 0:02:35]} f6 {[%emt 0:00:24]} 11. e3 {[%emt 0:07:27]} Nc6 {[%emt 0:06:48]} 12. Qh5+ {[%emt 0:23:15]} g6 {[%emt 0:01:03]} 13. Qe2 {[%emt 0:00:15]} Bf5 {[%emt 0:02:32]} 14. Rd1 {[%emt 0:01:39]} (14. Bxc6+ $14 bxc6 15. Ne4) 14... Qd7 $11 {[%emt 0:01:01]} 15. a4 {[%emt 0:09:51]} Rd8 {[%emt 0:06:02]} 16. Nb5 {[%emt 0:02:02]} Nb4 {[%emt 0:06:50]} 17. e4 {[%emt 0:12:42]} Be6 {[%emt 0:01:44]} 18. Nxc7+ {[%emt 0:03:11]} Qxc7 {[%emt 0:00:02]} 19. Bh6 {[%emt 0:01:47]} Bf8 {[%emt 0:06:59]} 20. Be3 {[%emt 0:00:58]} Bg7 {[%emt 0:11:24]} 21. Rac1 {[%emt 0:01:31]} 1/2-1/2

[Event "WTCC-65 2018"]
[Site "Radebeul"]
[Date "2018.07.08"]
[Round "2"]
[White "Khanukov, Boris"]
[Black "Etzold, Ernst Walter"]
[Result "1/2-1/2"]
[WhiteElo "2273"]
[BlackElo "2088"]
[Annotator "NA"]
[PlyCount "56"]
[EventDate "2018.07.07"]
[EventType "team-tourn"]
[EventCountry "GER"]
[SourceTitle "playchess.com"]
[Source "ChessBase"]
[SourceQuality "1"]
[TimeControl "40/5400+30:1800+30"]

1. d4 {[%emt 0:00:00]} d5 {[%emt 0:00:00]} 2. c4 {[%emt 0:00:00]} e6 {[%emt 0:00:00]} 3. Nc3 {[%emt 0:00:00]} Nf6 {[%emt 0:00:08]} 4. Bg5 {[%emt 0:00:28]} Be7 {[%emt 0:00:21]} 5. e3 {[%emt 0:01:01]} h6 {[%emt 0:02:19]} 6. Bh4 {[%emt 0:00:23]} O-O {[%emt 0:01:29]} 7. Nf3 {[%emt 0:01:13]} b6 {[%emt 0:00:46]} 8. cxd5 {[%emt 0:01:33] LiveBook: 707 Games} exd5 {[%emt 0:05:44]} 9. Rc1 {[%emt 0:07:13]} Bb7 {[%emt 0:05:30]} 10. Be2 {[%emt 0:00:46]} Nbd7 {[%emt 0:11:02]} 11. O-O {[%emt 0:00:21]} a6 {[%emt 0:02:53]} 12. Ne5 {[%emt 0:06:49]} Ne4 {[%emt 0:12:43]} (12... Nxe5 $11 {keeps the balance.} 13. dxe5 Ne4 14. Bxe7 Qxe7) 13. Bxe7 $16 {[%emt 0:04:03]} Qxe7 {[%emt 0:00:13]} 14. Nxe4 {[%emt 0:19:39]} Nxe5 {[%emt 0:00:54]} 15. Ng3 {[%emt 0:01:19]} Ng6 {[%emt 0:03:52]} 16. Bd3 {[%emt 0:00:47]} c5 {[%emt 0:02:06]} 17. dxc5 {[%emt 0:04:12]} bxc5 {[%emt 0:00:08]} 18. Bxg6 {[%emt 0:00:49]} fxg6 {[%emt 0:00:47]} 19. Qc2 {[%emt 0:00:14]} Qf6 {[%emt 0:00:54]} 20. Qxc5 {[%emt 0:00:36]} Rac8 {[%emt 0:00:28]} 21. Qd4 {[%emt 0:00:48]} Rxc1 {[%emt 0:00:02]} 22. Rxc1 {[%emt 0:01:23]} Qxf2+ {[%emt 0:00:03]} 23. Kh1 {[%emt 0:00:17]} Rf7 {[%emt 0:06:20]} 24. Rg1 {[%emt 0:06:42]} Re7 {[%emt 0:10:05]} 25. Nf1 {[%emt 0:00:30]} Kh7 {[%emt 0:00:44]} 26. h3 {[%emt 0:01:46]} Qf6 {[%emt 0:08:36]} 27. Nd2 {[%emt 0:10:00]} Qf2 {[%emt 0:01:09]} 28. Nf1 {[%emt 0:05:21]} Qf6 {[%emt 0:02:07]} 1/2-1/2

[Event "WTCC-65 2018"]
[Site "Radebeul"]
[Date "2018.07.08"]
[Round "2"]
[White "Espig, Lutz"]
[Black "Rotstein, Jefim"]
[Result "1/2-1/2"]
[WhiteElo "2258"]
[BlackElo "2318"]
[Annotator "ChessBase"]
[PlyCount "29"]
[EventDate "2018.07.07"]
[EventType "team-tourn"]
[EventCountry "GER"]
[SourceTitle "playchess.com"]
[Source "ChessBase"]
[SourceQuality "1"]
[TimeControl "40/5400+30:1800+30"]

1. Nf3 {[%emt 0:00:00]} g6 {[%emt 0:00:00]} 2. e4 {[%emt 0:00:00]} Bg7 {[%emt 0:00:17]} 3. d4 {[%emt 0:00:00]} d6 {[%emt 0:00:53]} 4. h3 {[%emt 0:02:16]} c6 {[%emt 0:02:37]} 5. a4 {[%emt 0:01:06]} Nf6 {[%emt 0:03:28]} 6. Nc3 {[%emt 0:01:28]} a5 {[%emt 0:00:43]} 7. Be3 {[%emt 0:01:31]} O-O {[%emt 0:02:15]} 8. Qd2 {[%emt 0:04:14]} d5 {[%emt 0:02:10]} 9. e5 {[%emt 0:04:09]} Ne8 {[%emt 0:05:10]} 10. Bh6 {[%emt 0:07:09]} f6 {[%emt 0:00:58]} 11. Bxg7 {[%emt 0:03:43]} Nxg7 {[%emt 0:00:24]} 12. Bd3 {[%emt 0:03:55]} Nd7 {[%emt 0:02:19]} 13. exf6 {[%emt 0:15:22]} exf6 {[%emt 0:00:41]} 14. O-O {[%emt 0:00:35]} Nb6 {[%emt 0:01:24]} 15. Rfe1 {[%emt 0:02:24]} 1/2-1/2

[Event "WTCC-65 2018"]
[Site "Radebeul"]
[Date "2018.07.08"]
[Round "2"]
[White "Bernard, Christophe"]
[Black "Gneiss, Karl"]
[Result "1-0"]
[WhiteElo "2253"]
[BlackElo "2090"]
[Annotator "NA"]
[PlyCount "63"]
[EventDate "2018.07.07"]
[EventType "team-tourn"]
[EventCountry "GER"]
[SourceTitle "playchess.com"]
[Source "ChessBase"]
[SourceQuality "1"]
[TimeControl "40/5400+30:1800+30"]

1. d4 {[%emt 0:00:00]} Nf6 {[%emt 0:00:00]} 2. Nf3 {[%emt 0:00:08]} e6 {[%emt 0:00:07]} 3. c4 {[%emt 0:00:39]} b6 {[%emt 0:01:11]} 4. g3 {[%emt 0:01:00]} d5 {[%emt 0:02:57]} 5. Bg2 {[%emt 0:00:19]} Bb7 {[%emt 0:00:55]} 6. cxd5 {[%emt 0:03:51]} exd5 {[%emt 0:01:12]} 7. Nc3 {[%emt 0:00:20]} Be7 {[%emt 0:01:00]} 8. Qa4+ {[%emt 0:14:00]} c6 {[%emt 0:08:35] LiveBook: 8 Games} 9. Ne5 {[%emt 0:05:44]} O-O {[%emt 0:01:16]} 10. O-O {[%emt 0:00:25]} Nfd7 {[%emt 0:08:42] E17: Queen's Indian: 4 g3 Bb7 5 Bg2 Be7} 11. Nd3 {[%emt 0:09:28]} a5 {[%emt 0:08:12]} 12. a3 {[%emt 0:06:43]} Bf6 {[%emt 0:07:53]} 13. Be3 $146 {[%emt 0:01:30]} ({Predecessor:} 13. Nf4 b5 14. Qd1 Qb6 15. Be3 g6 {1-0 (38) Miles,A (2579)-Straub,P (2126) Nova Gorica 2000}) 13... Na6 {[%emt 0:04:21]} 14. Rac1 {[%emt 0:05:25]} Nc7 {[%emt 0:01:41]} 15. Qd1 {[%emt 0:03:32]} Ne6 {[%emt 0:05:37]} 16. Nf4 {[%emt 0:00:29]} Re8 {[%emt 0:02:30]} 17. Qd2 {[%emt 0:02:51]} Ba6 {[%emt 0:02:29]} 18. Rfe1 {[%emt 0:02:18]} Ndf8 {[%emt 0:02:33]} 19. Nxe6 {[%emt 0:07:37]} Nxe6 {[%emt 0:00:33]} 20. Rcd1 {[%emt 0:11:37]} Bc4 {[%emt 0:01:41]} 21. Qc2 {[%emt 0:00:24]} Qd6 {[%emt 0:02:22]} 22. f4 {[%emt 0:00:48]} Rad8 {[%emt 0:17:31]} 23. Bf2 {[%emt 0:01:48]} a4 {[%emt 0:08:37]} 24. Nxa4 {[%emt 0:02:46]} b5 {[%emt 0:02:56]} 25. Nc5 {[%emt 0:03:53]} Bxd4 {[%emt 0:04:25] [#]} 26. Nb7 $1 {[%emt 0:01:15]} Bxf2+ {[%emt 0:00:30]} 27. Kxf2 {[%emt 0:00:01]} Qc7 {[%emt 0:00:44]} 28. Nxd8 {[%emt 0:00:03]} Qb6+ $18 {[%emt 0:01:14]} (28... Nc5 $142 29. Nxc6 Qxc6) 29. e3 {[%emt 0:01:20]} Nc5 {[%emt 0:00:37]} 30. b4 {[%emt 0:04:39]} Nd3+ {[%emt 0:00:18]} 31. Rxd3 {[%emt 0:00:20]} Bxd3 {[%emt 0:00:03]} 32. Qxd3 {[%emt 0:00:14]} 1-0